| 000 | 00415 a2200133 4500 | ||
|---|---|---|---|
| 001 | ART_7767 | ||
| 005 | 20260410161555.0 | ||
| 008 | 260409a | ||
| 245 | 1 | 0 | _aCompetencias del profesional en Ciencias Económicas |
| 100 | 1 | _aCanetti, Miguel Marcelo | |
| 700 | 1 | _aFreire, Liliana B. | |
| 700 | 1 | _aNeira, Graciela M. | |
| 773 | 0 |
_tProfesional & Empresaria _g- Año XI, Nº 114 (mar. 2009) _wREV70 |
|
| 999 |
_c9202 _d9202 |
||